| 000 | 00492cam a2200193ua 4500 | ||
|---|---|---|---|
| 020 | _c1300.00 | ||
| 041 |
_aeng _h |
||
| 082 |
_a664.762 _bKHA/GR |
||
| 100 | _aKhader, Vijaya . | ||
| 245 |
_aGrain quality and processing / _cVijaya Khader. _hTextual Documents |
||
| 260 |
_aUdaypur : _bAgro-tech publishing academy , _c2007. |
||
| 300 | _a311 ; . | ||
| 365 | _a1300.00 | ||
| 504 | _a | ||
| 700 | 1 | _aVimala, V . | |
| 942 | _cBK | ||
| 999 |
_c13362 _d13362 |
||